000 00952nam a2200265 4500
001 16015
010 _a9789899181137
021 _b526705/24
090 _a16015
100 _a20240412d2024 m y0pory50030103ba
200 1 _aPortugal 50 anos depois do 25 de Abril
_eo que mudou?
_fdir. científica João Gouveia Monteiro
_gcoord. Isabel Campante, Beatriz Matos Fran—ca, Humberto Martins
205 _a1ª ed
210 9 _aLisboa
_cManuscrito,
_d2024
215 _a311 p.
_d24 cm
675 _a94(469)"1974/..."(042)
_vBN
_zpor
675 _a321.7.02(469)"1974/..."(042)
_vBN
_zpor
675 _a316.42(469)"1974/..."(042)
_vBN
_zpor
675 _a061.3
_vBN
_zpor
702 1 _aMonteiro,
_bJoão Gouveia,
_f1958-
702 1 _aCampante,
_bIsabel
702 1 _aFran—ca,
_bBeatriz Matos
702 1 _aMartins,
_bHumberto
801 0 _aPT
_bBN
_gRPC
856 4 1 _uhttp://rnod.bnportugal.gov.pt/ImagesBN/winlibimg.aspx?skey=&doc=2163887&img=192855&save=true
990 _cLIVROS